Word Ladder: Prepositions Quiz Stats

Quiz Updated Oct 7, 2016

Challenge
Share
Tweet
Embed
Score 0/33 Timer 03:00
3 Plays Today
Hint 4-Letter word % Correct
Larger than a village but smaller than a cityTOWN
97.6%
PREPOSITION: '___ the Rabbit Hole'•DOWN•
96.2%
You do this upon a starWISH
93.4%
A full set of playing cardsDECK
92.1%
Unable to decide or conflictedTORN
91.8%
The start of a new day, for shortMORN
91.6%
A higher amount of somethingMORE
90.7%
A single plate served during the course of a mealDISH
89.6%
Cheney or Clark, e.g.DICK
89.5%
PREPOSITION: '___ death experience'•NEAR•
89.3%
TidyNEAT
88.9%
Beak motion used by birds in order to scavengePECK
88.8%
Apex or summitPEAK
87.5%
A location on the webSITE
87.3%
Oblong greenish fruitPEAR
87.2%
Common shape for a flying saucerDISK
86.1%
To use violence against an inferiorBEAT
83.7%
Hint 4-Letter word % Correct
PREPOSITION: '___ the Beatles'•WITH•
83.3%
Significant high school dancePROM
82.8%
Serving container for gravyBOAT
82.6%
Elite members of the 'Star Wars' dark sideSITH
82.3%
All things being equalSAME
81.9%
PREPOSITION: '___ Russia With Love'•FROM•
81.8%
Colloquialism for fecesPOOP
81.7%
To indulge or fulfill an appetiteSATE
81.2%
An object used in a play or film shootPROP
80.8%
A personal identifierNAME
77.1%
1981 German film: 'Das ___'BOOT
75.9%
Onomatopoeia for a playful pokeBOOP
70.5%
2006 NBA Slam Dunk Contest winner RobinsonNATE
68.7%
Shoulder bag with longer strapsTOTE
65.2%
A particle or minuscule pieceMOTE
63.8%
Well-established British art museumTATE
63%

Today's Daily Dose

Word Ladder
'90s Movies

Quick Pick
'Fire' Movies

On This Day
June 19th II

You're not logged in!

Compare scores with friends on all Sporcle quizzes.
Join for Free
OR
Log In

You Might Also Like...

Show Comments

Extras

Top Quizzes Today


Score Distribution

Your Account Isn't Verified!

In order to create a playlist on Sporcle, you need to verify the email address you used during registration. Go to your Sporcle Settings to finish the process.

Report this User

Report this user for behavior that violates our Community Guidelines.

Details: